Statistiques concernant Complétez les paroles d'Angèle (click)

Cliquez ici pour prendre le quiz!

Statistiques générales

  • Ce quiz a été pris 259 fois
  • Le résultat moyen est 7 sur 14

Statistiques - réponses

HintRéponse% Correct
2018, j'sais pas ce qui te faut mais...je suis plus qu'un animal
83%
La fièvre dans les yeux, oui ça se voit, mon cœur se serre...j'ai du feu dans la voix
62%
J'avais peur avant, je parlais tout bas, j'étais jamais devant, oh non aujourd'hui...j'ai bien changé
60%
Les villes sont belles mais...je ne pense qu'à toi
54%
Regardez encore, je veux savoir ce que t'en dis quand...je souris trop fort
54%
Jour après jour, je m'habitue, quand j'en attends trop je suis déçue mais grâce à ça, moi...j'évolue
53%
Connecté en ligne, mais pas à moi...j'attends ton signe
49%
Si ça s'trouve ça va pas durer ou peut-être seulement quelques mois, voilà...je commence déjà à angoisser
46%
Quand, à la banque, ce fût mon tour que...je me suis dit qu'il était temps
46%
Rien n'a plus de sens, et j'ai essayé de tenir, oublier que...j'ai peur de l'avenir
43%
Elle verra tout l'amour que tu pourrais lui donner, moi...je crois aux histoires
43%
Notoriété oblige, j'y prends bien du plaisir même si...j'y perds ma liberté
42%
Serait-ce juste dans ma tête ou toi aussi c'est dans la tienne, mais chaque fois qu'je suis seule...je pense à toi
34%
Il y a des jours je te jure sur mes joues, mes larmes coulent...j'en perds les mots
32%

Distribution des résultats

Percentile par nombre de réponses

% des personnes avec chaque résultat

Votre développement - résultats

Vous n’avez pas pris ce quiz